00875nam a22002655i 450000100060000000300090000600500170001500700030003200800410003502000180007604000220009408000190011610000240013524500290015926000320018830000280022049000490024850000130029750400340031065100360034483000570038085200330043799900170047095201220048711437ES-MaACL20230906150112.0t|921117s1992 sp ||||0| spa j a84-7100-510-7 aM-BN bspa cM-BN a908(861.72 B.)1 aPuyo, Fabio.99444810aBogotá / cFabio Puyo. aMadrid : bMAPFRE, c[1992] a339 p : bil ; c23 cm.1 aColección Ciudades de Iberoamérica ; v9 aIndices. aBibliografía: p. [321]-328. 4aBogotá-xDescripción.978850 aColección Ciudades de Iberoamérica ; v99179074 aES-MaACLjL-18762 bR.124043 c11437d11437 00104070aATENEOMbATENEOMcDEPO2d2008-01-17eSCl0oL-18762p1011660r2023-02-23 00:00:00w2023-02-23yMONOGRAFIA